Singularity station /

Bibliographic Details
Main Author: Ball, Brian N.
Format: Book
Language:English
Published: New York : Daw Books, [1973]
Series:Daw - SF book s; 84.

MARC

Tag First Indicator Second Indicator Subfields
LEADER 00000cam a2200000 4500
001 in00000222921
005 20170718094510.0
008 740429s1973 nyu 00011 eng d
035 |a (OCoLC)00871307 
035 |9 AAY4895AM 
040 |c OSU  |d TXA  |d UtOrBLW 
049 |a TXAS  |c [1100021] 
090 |a PR6052.A42  |b S56 1973 
100 1 |a Ball, Brian N. 
245 1 0 |a Singularity station /  |c [by] Brian N. Ball. 
264 1 |a New York :  |b Daw Books,  |c [1973] 
300 |a 176 pages ;  |c 18 cm. 
336 |a text  |b txt  |2 rdacontent 
337 |a unmediated  |b n  |2 rdamedia 
338 |a volume  |b nc  |2 rdacarrier 
490 1 |a Daw-SF books, 84 
500 |a The Cushing Library/Science Fiction copy was acquired as a set containing the book and original illustration. 
830 0 |a Daw - SF book s;  |v 84. 
999 |a MARS 
999 f f |s 87e7c924-b12f-3a5c-a25b-9daf22506b13  |i 5b279baa-a9ee-3578-bb79-4ff5e198319c  |t 0 
952 f f |p noncirc  |a Texas A&M University  |b College Station  |c Cushing Memorial Library & Archives  |d Cushing: Science Fiction (Does not check out)  |t 0  |e PR6052.A42 S56 1973  |h Library of Congress classification  |i unmediated -- volume 
998 f f |a PR6052.A42 S56 1973  |t 0  |l Cushing: Science Fiction (Does not check out)